Statistics for Brooklyn 99 Characters By Picture

Click here to take the quiz!

General Stats

  • This quiz has been taken 134 times
  • The average score is 15 of 20

Answer Stats

Answer% Correct
Jake Peralta
99%
Amy Santiago
98%
Norm Scully
98%
Terry Jeffords
98%
Captain Raymond Holt
97%
Gina Linetti
97%
Rosa Díaz
97%
Charles Boyle
95%
Michael Hitchcock
95%
Cheddar
94%
Doug Judy
93%
Kevin Cozner
90%
Madeline Wunch
89%
Adrian Pimento
80%
Trudy Judy
74%
Karen Peralta
43%
Captain Jason Stentley
42%
Roger Peralta
39%
Sam Boyle
14%
Lyndon Boyle
7%

Score Distribution

Percentile by Number Answered

Percent of People with Each Score

Your Score History

You have not taken this quiz